In Croato: aggettivi 1 - Statistics

General Stats
  • This quiz has been taken 5 times
  • The average score is 25 of 56
Answer Stats
Hint Answer % Correct
veloce brz
100%
buono dobar
100%
forte jak
100%
bello lijep
100%
piccolo mali
100%
morto mrtav
100%
nuovo nov
100%
debole slab
100%
dolce sladak
100%
vecchio star
100%
grande velik
100%
alto visok
100%
gratis besplatan
50%
spesso debeo
50%
profondo dubok
50%
lungo dug
50%
affamato gladan
50%
pronto gotov
50%
freddo hladan
50%
corto, basso kratak
50%
giovane mlad
50%
pericoloso opasan
50%
sporco prljav
50%
pieno pun
50%
importante ražan
50%
brutto ružan
50%
ampio širok
50%
costoso skup
50%
libero slobodan
50%
lento spor
50%
felice sretan
50%
asciutto suh
50%
scuro, nero taman
50%
mite, tiepido topao
50%
triste tužan
50%
caldo vruc'
50%
sano zdrav
50%
vivo živ
50%
malato bolestan
0%
pulito čist
0%
noioso dosadan
0%
economico jeftin
0%
leggero lagan
0%
grasso mastan
0%
bagnato mokar
0%
buio mrac'an
0%
basso niszak
0%
basso, poco profondo plitav
0%
famoso poznat
0%
vuoto prazan
0%
divertente smiješan
0%
terribile strašan
0%
magro tanak
0%
pesante težak
0%
stanco umoran
0%
assetato žedan
0%
No matching quizzes found
Score Distribution
Percent of People with Each Score
Percentile by Number Answered
Your Score History
You have not taken this quiz